50 Win NBA Teams Since 2000 - Statistics

General Stats
  • This quiz has been taken 18 times
  • The average score is 26 of 162
Answer Stats
Year Wins Answer % Correct
2000 67 Los Angeles Lakers
88%
2016 73 Golden State Warriors
44%
2019 57 Golden State Warriors
44%
2020 52 Los Angeles Lakers
44%
2017 67 Golden State Warriors
38%
2018 58 Golden State Warriors
38%
2002 58 Los Angeles Lakers
38%
2019 60 Milwaukee Bucks
38%
2020 56 Milwaukee Bucks
38%
2019 51 Philadelphia 76ers
38%
2005 54 Detroit Pistons
31%
2015 67 Golden State Warriors
31%
2018 65 Houston Rockets
31%
2019 53 Houston Rockets
31%
2001 56 Los Angeles Lakers
31%
2003 50 Los Angeles Lakers
31%
2004 56 Los Angeles Lakers
31%
2000 59 Portland Trail Blazers
31%
2000 53 San Antonio Spurs
31%
2001 58 San Antonio Spurs
31%
2002 58 San Antonio Spurs
31%
2004 57 San Antonio Spurs
31%
2005 59 San Antonio Spurs
31%
2019 58 Toronto Raptors
31%
2017 51 Cleveland Cavaliers
25%
2019 54 Denver Nuggets
25%
2004 54 Detroit Pistons
25%
2006 64 Detroit Pistons
25%
2014 51 Golden State Warriors
25%
2017 55 Houston Rockets
25%
2000 56 Indiana Pacers
25%
2010 57 Los Angeles Lakers
25%
2016 55 Oklahoma City Thunder
25%
2018 52 Philadelphia 76ers
25%
2001 55 Sacramento Kings
25%
2003 60 San Antonio Spurs
25%
2006 63 San Antonio Spurs
25%
2011 61 San Antonio Spurs
25%
2012 50 San Antonio Spurs
25%
2013 58 San Antonio Spurs
25%
2014 62 San Antonio Spurs
25%
2015 55 San Antonio Spurs
25%
2016 67 San Antonio Spurs
25%
2017 61 San Antonio Spurs
25%
2020 53 Toronto Raptors
25%
2008 66 Boston Celtics
19%
2017 53 Boston Celtics
19%
2018 55 Boston Celtics
19%
2015 53 Cleveland Cavaliers
19%
2016 57 Cleveland Cavaliers
19%
2018 50 Cleveland Cavaliers
19%
2002 50 Detroit Pistons
19%
2003 50 Detroit Pistons
19%
2007 53 Detroit Pistons
19%
2008 59 Detroit Pistons
19%
2015 56 Houston Rockets
19%
2013 56 Los Angeles Clippers
19%
2014 57 Los Angeles Clippers
19%
2015 56 Los Angeles Clippers
19%
2016 53 Los Angeles Clippers
19%
2017 51 Los Angeles Clippers
19%
2008 57 Los Angeles Lakers
19%
2009 65 Los Angeles Lakers
19%
2011 57 Los Angeles Lakers
19%
2000 52 Miami Heat
19%
2005 59 Miami Heat
19%
2006 52 Miami Heat
19%
2011 58 Miami Heat
19%
2013 66 Miami Heat
19%
2014 54 Miami Heat
19%
2013 60 Oklahoma City Thunder
19%
2001 56 Philadelphia 76ers
19%
2000 53 Phoenix Suns
19%
2002 61 Sacramento Kings
19%
2004 55 Sacramento Kings
19%
2007 58 San Antonio Spurs
19%
2008 56 San Antonio Spurs
19%
2009 54 San Antonio Spurs
19%
2010 50 San Antonio Spurs
19%
2015 60 Atlanta Hawks
13%
2009 62 Boston Celtics
13%
2010 50 Boston Celtics
13%
2011 56 Boston Celtics
13%
2006 50 Cleveland Cavaliers
13%
2010 61 Cleveland Cavaliers
13%
2005 58 Dallas Mavericks
13%
2006 60 Dallas Mavericks
13%
2007 67 Dallas Mavericks
13%
2011 57 Dallas Mavericks
13%
2015 50 Dallas Mavericks
13%
2005 51 Houston Rockets
13%
2007 52 Houston Rockets
13%
2008 55 Houston Rockets
13%
2009 53 Houston Rockets
13%
2014 54 Houston Rockets
13%
2004 61 Indiana Pacers
13%
2001 50 Miami Heat
13%
2010 50 Oklahoma City Thunder
13%
2011 55 Oklahoma City Thunder
13%
2014 59 Oklahoma City Thunder
13%
2015 51 Portland Trail Blazers
13%
2003 59 Sacramento Kings
13%
2005 50 Sacramento Kings
13%
2017 51 Toronto Raptors
13%
2018 59 Toronto Raptors
13%
2019 50 Utah Jazz
13%
2010 53 Atlanta Hawks
6%
2011 62 Chicago Bulls
6%
2012 50 Chicago Bulls
6%
2015 50 Chicago Bulls
6%
2007 50 Cleveland Cavaliers
6%
2009 66 Cleveland Cavaliers
6%
2001 53 Dallas Mavericks
6%
2002 57 Dallas Mavericks
6%
2003 60 Dallas Mavericks
6%
2004 52 Dallas Mavericks
6%
2008 51 Dallas Mavericks
6%
2009 50 Dallas Mavericks
6%
2010 55 Dallas Mavericks
6%
2013 57 Denver Nuggets
6%
2014 56 Indiana Pacers
6%
2001 52 Milwaukee Bucks
6%
2004 58 Minnesota Timberwolves
6%
2000 50 New York Knicks
6%
2005 62 Phoenix Suns
6%
2006 54 Phoenix Suns
6%
2007 61 Phoenix Suns
6%
2001 50 Portland Trail Blazers
6%
2003 50 Portland Trail Blazers
6%
2009 54 Portland Trail Blazers
6%
2010 50 Portland Trail Blazers
6%
2014 54 Portland Trail Blazers
6%
2019 53 Portland Trail Blazers
6%
2016 56 Toronto Raptors
6%
2001 53 Utah Jazz
6%
2008 50 Denver Nuggets
0%
2009 54 Denver Nuggets
0%
2010 53 Denver Nuggets
0%
2011 50 Denver Nuggets
0%
2004 50 Memphis Grizzlies
0%
2013 56 Memphis Grizzlies
0%
2014 51 Memphis Grizzlies
0%
2015 55 Memphis Grizzlies
0%
2000 50 Minnesota Timberwolves
0%
2002 50 Minnesota Timberwolves
0%
2003 51 Minnesota Timberwolves
0%
2002 52 New Jersey Nets
0%
2008 56 New Orleans Hornets
0%
2013 54 New York Knicks
0%
2008 52 Orlando Magic
0%
2009 59 Orlando Magic
0%
2010 59 Orlando Magic
0%
2011 52 Orlando Magic
0%
2001 51 Phoenix Suns
0%
2008 55 Phoenix Suns
0%
2010 54 Phoenix Suns
0%
2005 52 Seattle Supersonics
0%
2000 55 Utah Jazz
0%
2007 51 Utah Jazz
0%
2008 54 Utah Jazz
0%
2010 53 Utah Jazz
0%
2017 51 Utah Jazz
0%
No matching quizzes found
Score Distribution
Percent of People with Each Score
Percentile by Number Answered
Your Score History
You have not taken this quiz